Guess the Fusion Rock Song Lyrics #47 - Statistics

General Stats
  • This quiz has been taken 28 times
  • The average score is 101 of 198
Answer Stats
Answer % Correct
a
86%
and
82%
I
82%
you
82%
love
77%
the
77%
to
77%
be
73%
me
73%
where
73%
can
68%
do
68%
for
68%
go
68%
it
68%
on
68%
we
68%
win
68%
by
64%
don't
64%
Don't
64%
so
64%
So
64%
Why
64%
all
59%
it's
59%
its
59%
know
59%
Oh
59%
time
59%
you're
59%
You're
59%
I'll
55%
just
55%
Like
55%
of
55%
see
55%
that
55%
what
55%
you've
55%
but
50%
girl
50%
never
50%
play
50%
baby
45%
feel
45%
From
45%
game
45%
I'm
45%
Jane
45%
with
45%
been
41%
get
41%
Only
41%
over
41%
playing
41%
Were
41%
yeah
41%
away
36%
gotta
36%
Jefferson Starship
36%
say
36%
yes
36%
about
32%
keeps
32%
real
32%
That's
32%
There's
32%
ask
27%
fun
27%
house
27%
same
27%
talking
27%
those
27%
believe
23%
cat
23%
didn't
23%
hard
23%
hide
23%
letting
23%
Making
23%
mouse
23%
nights
23%
seek
23%
because
18%
door
18%
name
18%
pretend
18%
better
14%
called
14%
hey
14%
Janey
14%
plain
14%
spent
14%
staying
14%
together
14%
fooling
9%
No matching quizzes found
Score Distribution
Percent of People with Each Score
Percentile by Number Answered
Your Score History
You have not taken this quiz